Ekonometrické modelovanie fondov spoločnosti AXA diplomová práca

Salvato in:
Dettagli Bibliografici
Autore principale: Ritóková, Zuzana
Ente Autore: Podnikovohospodárska fakulta EU so sídlom v Košiciach. Katedra účtovníctva a financií
Altri autori: Výrost, Tomáš, 1978-
Natura: Libro
Lingua:slovacco
Pubblicazione: Košice 2011
Tags: Aggiungi Tag
Nessun Tag, puoi essere il primo ad aggiungerne!!

MARC

LEADER 00000nbm a2200000 4500
001 0139179
005 20161109101911.5
041 0 |a slo 
044 |a SK 
245 1 0 |a Ekonometrické modelovanie fondov spoločnosti AXA  |b diplomová práca  |c Zuzana Ritóková ; školiteľ: Tomáš Výrost 
264 1 |a Košice  |c 2011 
300 |a 63 s. 
100 1 |a Ritóková, Zuzana 
700 1 |a Výrost, Tomáš, 1978- 
710 2 |a Podnikovohospodárska fakulta EU so sídlom v Košiciach. Katedra účtovníctva a financií